000 00313nam a22001337a 4500
003 SGT
082 _a617.645
_bD25G
100 _aGogne, Minakshi
245 _aDental neglect in Children - An obscure enigma
260 _bSGT University
_c2025
300 _a57
650 _aPediatric Dentistry
942 _2ddc
_cTH
999 _c30355
_d30355